Statistics for Country Flags with a Rubik's Cube #3

Click here to take the quiz!

General Stats

  • This quiz has been taken 453 times
    (348 since last reset)
  • The average score is 10 of 12

Answer Stats

Answer% Correct
Austria
98%
Luxembourg
98%
Russia
98%
Ireland
95%
Ukraine
95%
Bangladesh
93%
Denmark
89%
Hungary
81%
Lithuania
81%
Madagascar
80%
Gabon
75%
Benin
67%

Score Distribution

Percentile by Number Answered

Percent of People with Each Score

Your Score History

You have not taken this quiz since the last reset